| 000 | 00701nam a2200193Ia 4500 | ||
|---|---|---|---|
| 003 | GCL | ||
| 008 | 140319s9999 xx 000 0 ara d | ||
| 040 |
_aGCL / _cGCL |
||
| 082 | 0 | 4 |
_a227.34 _bا ت |
| 100 | 1 | _aابن تيمية : تقى الدين ابوالعباس احمد بن عبدالحليم | |
| 245 | 1 | 0 |
_aتفسير سورة النور / _cابن تيمية : تقى الدين ابوالعباس احمد بن عبدالحليم |
| 260 |
_a[S.N] : _bدار الكتب العلمية للنشر والتوزيع ، _c1983 |
||
| 300 | _a188 ص | ||
| 490 | _a | ||
| 650 | 0 | 4 | _aتفاسير |
| 650 | 0 | 4 | _aتفسير القران الكريم |
| 650 | 0 | 4 | _aالقران |
| 942 |
_2ddc _cBK |
||
| 999 |
_c55773 _d55773 |
||